Tilastot visalle Kiinan maakuntatason alueet kartalla

Klikkaa tästä pelataksesi tätä visaa!

Yleistilastot

  • Tätä visaa on pelattu 261 kertaa
  • Keskiarvotulos 18 / 32

Vastaukset kartalla

Vastauksille on annettu kartalla punavihreä väri sen mukaan, kuinka moni on saanut sen oikein.
 

Vastaustilastot

Vastaus% Oikein
Tiibet
87%
Sisä-Mongolia
82%
Hongkong /
Macao
80%
Shanghai
80%
Peking
79%
Xinjiang
70%
Hainan
67%
Tianjin
65%
Guangdong
64%
Sichuan
62%
Yunnan
60%
Chongqing
52%
Heilongjiang
52%
Hubei
51%
Shaanxi
50%
Shanxi
50%
Liaoning
49%
Gansu
48%
Guangxi
48%
Hebei
48%
Qinghai
48%
Henan
47%
Ningxia
47%
Shandong
47%
Fujian
46%
Guizhou
45%
Zhejiang
45%
Anhui
44%
Hunan
44%
Jilin
44%
Jiangsu
41%
Jiangxi
40%

Tulosjakauma

Persentiili vastausten määrän mukaan

Jokaisen tuloksen saaneiden osuus

Tuloshistoriasi

Et ole pelannut tätä visaa